|
|
|
|
| LEADER |
00982cam a2200289 a 4500 |
| 001 |
c000188956 |
| 003 |
CARM |
| 005 |
20051206145116.0 |
| 008 |
950623s1995 inua 001 0 eng d |
| 010 |
|
|
|a 95069579
|
| 019 |
1 |
|
|a 12050676
|5 LACONCORD2021
|
| 020 |
|
|
|a 1567616240 (cover)
|z 0567616240
|
| 035 |
|
|
|a (OCoLC)33255355
|5 LACONCORD2021
|
| 040 |
|
|
|a LC
|b eng
|c LC
|d LC
|
| 042 |
|
|
|a lccopycat
|
| 050 |
0 |
4 |
|a QA76.5
|b .B492 1995
|
| 082 |
0 |
0 |
|a 004.165
|2 20
|
| 245 |
0 |
4 |
|a The big basics book of PCs /
|c by Joe Kraynak ... [et al.].
|
| 260 |
|
|
|a Indianapolis, Ind. :
|b Que,
|c c1995.
|
| 300 |
|
|
|a xvi, 598 p. :
|b ill. ;
|c 28 cm.
|
| 500 |
|
|
|a Includes index.
|
| 650 |
|
0 |
|a Microcomputers.
|
| 650 |
|
0 |
|a Minicomputers.
|
| 700 |
1 |
|
|a Kraynak, Joe.
|
| 852 |
8 |
|
|b CARM
|h A2:AN38B0
|i F00288
|p 0266401
|f BK
|
| 999 |
f |
f |
|i cc2fbc63-8cb8-5902-bfa4-da46f0faf002
|s 72b19d4a-f680-57f5-b984-fd1d425967fa
|
| 952 |
f |
f |
|p Can circulate
|a CAVAL
|b CAVAL
|c CAVAL
|d CARM 1 Store
|e F00288
|f A2:AN38B0
|h Other scheme
|i book
|m 0266401
|